Arte, sociedad y política : tomo ii /

Guardado en:
Autor Principal: Suriano, Juan
Otros Autores: Burucúa, José Emilio. dir.
Formato: Libro
Publicado: Buenos Aires : Sudamericana, 1999
Series:Nueva historia argentina. Arte; No, 2
Materias:
Etiquetas: Agregar Etiqueta
Sin Etiquetas, Sea el primero en etiquetar este registro!
LEADER 01434nam a22002775a 4500
001 CEM.cems013197
005 20091109092141.0
008 130507s1999##################000#0#####d
003 CEMS
020 |a 9500716321 
082 0 4 |a Z982 
100 1 |a Suriano, Juan 
245 1 0 |a Arte, sociedad y política :  |b tomo ii /  |c Coordinado Por Juan Suriano ; dirigido Por José Emilio Burucúa 
260 |a Buenos Aires :  |b Sudamericana,  |c 1999 
300 |a 314 p. 
490 0 |a Nueva historia argentina. Arte; No, 2 
505 0 |a Las artes plásticas en las décadas del 40 y el 50 / Gabriela Siracusano -- Las batallas de la vanguardia entre el peronismo y el desarrollismo / Andrea Giunta -- Los años setenta y ochenta en el arte argentino. Entre la utopía, el silencio y la reconstrucción / María José Herrera -- La música argentina en el siglo XX / Melanie Plesch y Gerardo V. Huseby -- El cine argentino, una estética especular: del origen a los esquemas / Claudio España y Ricardo Manetti -- El cine argentino, una estética comunicacional: de la fractura a la síntesis / Claudio España y Ricardo Manetti 
653 |a Historia 
653 |a Historia argentina 
653 |a Arte argentino 
653 |a Música popular argentina 
653 |a Rock nacional 
653 |a Tango 
653 |a Cine argentino 
700 1 |a Burucúa, José Emilio. dir. 
859 |a CEMS  |b BIB. CEMS - 11 de abril  |h Z982  |i Su77-1  |p 25672.09  |t Ej.1  |v II  |3 II